| 000 | 00516nam a2200205Ia 4500 | ||
|---|---|---|---|
| 008 | 210210b2016 xxu||||| |||| 00| 0 eng d | ||
| 020 | _a9788173719776 | ||
| 041 | _aeng | ||
| 082 | _a530.141 REDE | ||
| 100 | _aREDDY (Y Mallikarjuna) | ||
| 245 | _aElectromagnetic waves and transmission lines | ||
| 260 |
_aHyderabad _bUniversities Press _c2016 |
||
| 300 | _axiv,685 | ||
| 650 | _awaves | ||
| 650 | _atransmission | ||
| 650 | _alines | ||
| 650 | _aElectromagnetic | ||
| 690 | _aPhysics | ||
| 906 | _a071444 | ||
| 999 |
_c120851 _d120851 |
||